• 首页
  • 本馆介绍
  • 公告通知
  • 最新文献
  • 馆藏检索
  • 电子资源
  • 读者导购
  • 参考咨询
  • 我的图书馆
  • 登录
  • 详细信息显示
  • 放入我的书架
  • 预约/预借图书
  • 作者相关作品
  • 分类相关作品
  • 丛书相关作品
  • 出版社相关作品

书目信息

  • 表格格式
  • 工作单格式
  • 卡片格式
题名:
基诺族
    
 
作者: 张巍 编著
分册: 17  
出版信息: 北京   中国人口出版社  2014
页数: 136页
开本: 23cm
丛书名: 中国少数民族人口丛书
单 册:
中图分类: K287.8 , K28
科图分类:
主题词: 基诺族--民族文化--中国
电子资源:
ISBN: 978-7-5101-2426-6
000 01045oam2 2200289 450
001 2371609392
005 20231128231736.71
010    @a978-7-5101-2426-6@dCNY38.00
100    @a20181129d2014 em y0chiy50 ea
101 0  @achi@eeng
102    @aCN@b110000
105    @aa z 000yy
200 1  @a基诺族@Aji nuo zu@h17@f张巍编著
210    @a北京@c中国人口出版社@d2014
215    @a136页@c图@d23cm
225 52 @a中国少数民族人口丛书@f翟振武主编
300    @a国家出版基金项目
312    @a封面英文题名:The Jino nationality
330    @a本书主要内容有基诺山里话“基诺”、走进基诺村落、流光溢彩的传统文化、基诺族人口状况、遗风遗俗的婚姻与家庭等,介绍了基诺族的历史起源、社会组织与日常生活、丰富多彩的传统文化、遗风遗俗的婚姻与家庭状况、民族人口状况以及基诺族现在的经济生产。
410  0 @12001 @a中国少数民族人口丛书
510 1  @aJino nationality@zeng
606 0  @a基诺族@x民族文化@y中国
690    @aK287.8@v5
690    @aK28@v4
701  0 @a张巍@Azhang wei@4编著
801  0 @aCN@b91MARC@c20181129
905    @aZUCC@dK28@e29:17
    
    基诺族.17/张巍编著.-北京:中国人口出版社,2014
    136页:图;23cm.-(中国少数民族人口丛书/翟振武主编)
    国家出版基金项目
    
    ISBN 978-7-5101-2426-6:CNY38.00
    本书主要内容有基诺山里话“基诺”、走进基诺村落、流光溢彩的传统文化、基诺族人口状况、遗风遗俗的婚姻与家庭等,介绍了基诺族的历史起源、社会组织与日常生活、丰富多彩的传统文化、遗风遗俗的婚姻与家庭状况、民族人口状况以及基诺族现在的经济生产。
●
相关链接 在五车中查询图书 在当当中查询图书 在豆瓣中查询图书


正题名:基诺族     索取号:K28/29:17         预约/预借

序号 登录号 条形码 馆藏地/架位号 状态 备注
1 2001001387   2001001387   第四书库/四33架B面3层3列/ [索取号:K28/29:17] 在馆    
2 2001001388   2001001388   第四书库/四33架B面3层3列/ [索取号:K28/29:17] 在馆    
3 2001001389   2001001389   第四书库/四33架B面3层3列/ [索取号:K28/29:17] 在馆    
4 2001001390   2001001390   第四书库/四33架B面3层3列/ [索取号:K28/29:17] 在馆    
5 2001001391   2001001391   第四书库/四33架B面3层3列/ [索取号:K28/29:17] 在馆    
6 2001001392   2001001392   第四书库/四33架B面3层3列/ [索取号:K28/29:17] 在馆    
山东省滨州职业学院图书馆 欢迎您!
大连网信软件有限公司© 版权所有